| 000 | 00882cam a2200301 4500 | ||
|---|---|---|---|
| 008 | 090401t1994 xxu||||| |||| 00| 0 eng d | ||
| 020 | _a0102904944 | ||
| 035 | _a(Sirsi) u62428 | ||
| 041 | _aeng | ||
| 050 | _a690.241062 | ||
| 110 |
_aParliament House of Commons National Heritage Committee Session 1993-94 _9723 |
||
| 245 | _aOur heritage: preserving it, prospering from it. Volume II. Minutes of evidence and appendices... | ||
| 260 |
_aLondon _bHMSO _c1994 |
||
| 300 | _aviii,251p. ; 30cm. | ||
| 350 | _a24.4 | ||
| 490 |
_aHCP _v139-II |
||
| 650 | _aDEPARTMENT OF NATIONAL HERITAGE | ||
| 650 | _aENGLISH HERITAGE | ||
| 650 | _aHISTORIC BUILDINGS | ||
| 650 | _aMARITIME HERITAGE | ||
| 650 | _aMUSEUMS | ||
| 650 | _aOUR HERITAGE | ||
| 650 | _aTOURISM | ||
| 690 | _aCONSERVATION | ||
| 700 |
_aKaufman, Gerald _xChairman |
||
| 942 | _n0 | ||
| 948 | _c04/03/1997 | ||
| 999 |
_c94407 _d94407 |
||